000 00610nam a2200241Ia 4500
003 OSt
005 20221005133122.0
006 a|||||r|||| 00| 0
007 ta
008 221004b |||||||| |||| 00| 0 tam d
024 _a50990
037 _cTextual
040 _aCRL
_cCRL
_btam
041 _2tam
_atam
082 _aO31,3(Y)NRA,1, L8
100 _aRajam Krishnan Au.
_9203445
245 0 _aVilangukal
260 _c1978
650 _a TAMIL LITERATURE
650 _aTAMIL FICTION
942 _hO31,3(Y)NRA,1, L8
_cTEXL
_2cc
999 _c1065782
_d1065782